[Event "IND-chT 36th"]
[Site "Bhubaneswar"]
[Date "2016.02.08"]
[Round "1"]
[White "Sahu, Aswini Kumar"]
[Black "Karthikeyan, Pandian"]
[Result "0-1"]
[WhiteElo "1324"]
[BlackElo "2462"]
[PlyCount "66"]
[EventDate "2016.02.08"]
[EventType "team-swiss"]
[EventRounds "9"]
[EventCountry "IND"]
[SourceTitle "CBM 170 Extra"]
[Source "ChessBase"]
[SourceDate "2016.02.25"]
[SourceVersion "1"]
[SourceVersionDate "2016.02.25"]
[SourceQuality "1"]
[WhiteTeam "Odisha Master CF"]
[BlackTeam "Railway Sports"]
[WhiteTeamCountry "IND"]
[BlackTeamCountry "IND"]

1. e4 Nc6 2. d4 e5 3. Nf3 exd4 4. Bc4 Nf6 5. Nxd4 Nxe4 6. Nf5 d5 7. Qg4 g6 8. Bb5 Bxf5 9. Qe2 Be6 10. Bf4 Bg7 11. c3 0-0 12. 0-0 Re8 13. f3 Nd6 14. Ba4 d4 15. Bxd6 Qxd6 16. Bxc6 Qxc6 17. Nd2 Qb6 18. cxd4 Qxd4+ 19. Kh1 Rad8 20. Rad1 Qxb2 21. Qe3 Bxa2 22. Qf4 Qd4 23. Qxc7 Bb3 24. Rb1 Rd7 25. Qa5 Bc2 26. Nb3 Qd5 27. Qa3 Bxb1 28. Nc5 Qd1 29. Rg1 Re1 30. h4 Rxg1+ 31. Kh2 Be5+ 32. Kh3 Bf5+ 33. g4 Qf1# 0-1